000 01241nam a22002657a 4500
005 20170124103156.0
010 _aB-077003
020 _c400.00
_a8171243029
035 _aB-077003
037 _bCen Lib/Ret
040 _aDPL
_bHN
082 _a398.21
_bउपाध्या
100 _aउपाध्याय, कृष्णदेव
_989733
245 _aभोजपुरी लोकसाहित्य /
_cकृष्णदेव उपाध्याय
246 _aBhojpuri lok sahitya /
_bby Krishndev Upadhyaya
260 _aवाराणसी
_bविश्वविद्यापाया प्रकाशन
_c2002
270 _bवाराणसी
_aचौक
_e221001
300 _axv,432पृ.
_c19सेमी(सजिल्द )
500 _aपरिशिष्ट शामिल
650 _aलोक साहित्य, भोजपुरी - इतिहास और आलोचना
_x
_z
_989734
650 _aलोक साहित्य, भोजपुरी
_91793
650 _aFolk literature, Bhojpuri -- History and criticism.
_989735
650 _aFolk literature, Bhojpuri
_989736
942 _2ddc
_cHN
_h398.21
_mउपाध्या
999 _c120328
_d120328